[Event "Andorra"]
[Site "Andorra"]
[Date "1996.??.??"]
[Round "4"]
[White "Vera, Reynaldo"]
[Black "Formanek, Edward W"]
[Result "1-0"]
[WhiteElo "2505"]
[BlackElo "2350"]

1.d4 d5 2.c4 Nc6 3.Nc3 dxc4 4.d5 Na5 5.Qa4+ c6 6.b4 cxb3 7.axb3 e6 8.Bd2 Nxb3
9.Qxb3 exd5 10.e4 d4 11.Bc4 Qd7 12.Nd5 b5 13.Bd3 Bb7 14.Nf3 Bd6 15.O-O cxd5
16.Bxb5 Bc6 17.Bxc6 Qxc6 18.Rfc1 Qd7 19.Qxd5 Rd8 20.Qxd4 Bxh2+ 21.Kxh2 Qxd4
22.Nxd4 Rxd4 23.Bc3  1-0

[Event "Ano Liosia op"]
[Site "Ano Liosia"]
[Date "1996.??.??"]
[Round "6"]
[White "Matveeva, Svetlana"]
[Black "Miladinovic, Igor"]
[Result "1/2-1/2"]
[WhiteElo "2445"]
[BlackElo "2560"]

1.d4 d5 2.c4 Nc6 3.Nc3 dxc4 4.e3 e5 5.Nf3 exd4 6.exd4 Bb4 7.Bxc4 Qe7+ 8.Be3 Nf6
9.O-O O-O 10.Bg5 Bxc3 11.bxc3 Bg4 12.Qd3 Qe4  1/2-1/2

[Event "GRE-chT"]
[Site "Athens"]
[Date "1996.??.??"]
[Round "5"]
[White "Mastrokoukos, Georgios"]
[Black "Botsari Miladinovic, Anna Maria"]
[Result "1-0"]
[WhiteElo "2375"]
[BlackElo "2335"]

1.d4 d5 2.c4 Nc6 3.cxd5 Qxd5 4.e3 e5 5.Nc3 Bb4 6.Bd2 Bxc3 7.Bxc3 exd4 8.Ne2 Bg4
9.f3 Rd8 10.Nxd4 Nxd4 11.Qxd4 Qe6 12.Qxg4 Qxe3+ 13.Be2 Ne7 14.Qa4+ b5 15.Qxb5+ c6
16.Qe5 Qb6 17.Ba5  1-0

[Event "GRE-chT"]
[Site "Athens"]
[Date "1996.??.??"]
[Round "5"]
[White "Atalik, Suat"]
[Black "Miladinovic, Igor"]
[Result "1-0"]
[WhiteElo "2535"]
[BlackElo "2560"]

1.d4 d5 2.c4 Nc6 3.cxd5 Qxd5 4.e3 e5 5.Nc3 Bb4 6.Bd2 Bxc3 7.Bxc3 exd4 8.Ne2 Bg4
9.f3 Be6 10.Nxd4 Nxd4 11.Qxd4 Qxd4 12.Bxd4 f6 13.Kf2 Ne7 14.Be2 Kf7 15.Rhc1 c6
16.b4 Nf5 17.Bc3 Nd6 18.a4 Rhc8 19.e4 Rc7 20.Bd4 Rd7 21.Be3 f5 22.e5 Nc8
23.b5 Ne7 24.f4 Bd5 25.a5 cxb5 26.Bxb5 Bc6 27.Bc4+ Bd5 28.Bf1 a6 29.Bc5 Rc8
30.Bxe7 Rxc1 31.Rxc1 Kxe7 32.Ke3 g6 33.g3 Bc6 34.Bc4 Rd8 35.Bb3 Rd7 36.Rc5 Kd8
37.Bg8 Kc7 38.e6 Re7 39.Kd4 Kd6 40.Bf7 Rc7 41.h3 b6 42.axb6 Rb7 43.Re5 a5
44.e7 Rxe7 45.Rxe7 Kxe7 46.Kc5 Bb7 47.Bb3  1-0

[Event "GRE-chT"]
[Site "Athens"]
[Date "1996.??.??"]
[Round "6"]
[White "Haritakis, Theodoros"]
[Black "Tzermiadianos, Angelos"]
[Result "1-0"]
[WhiteElo "2320"]
[BlackElo "2200"]

1.d4 d5 2.c4 Nc6 3.cxd5 Qxd5 4.e3 e5 5.Nc3 Bb4 6.Bd2 Bxc3 7.bxc3 exd4 8.cxd4 Nf6
9.Nf3 Bf5 10.Be2 O-O 11.O-O Ne4 12.Qc1 Bg4 13.h3 Bh5 14.g4 Bg6 15.Nh4 Ng5
16.f4 Ne4 17.Be1 Qd6 18.f5 Ng3 19.Bxg3 Qxg3+ 20.Ng2 Qxh3 21.fxg6 hxg6 22.Qc5 f5
23.Rf3 Qxg4 24.Bc4+  1-0

[Event "GRE-chT"]
[Site "Athens"]
[Date "1996.??.??"]
[Round "9"]
[White "Lirindzakis, Timotheos"]
[Black "Tzermiadianos, Angelos"]
[Result "1/2-1/2"]
[WhiteElo "2365"]
[BlackElo "2200"]

1.d4 d5 2.c4 Nc6 3.Nc3 dxc4 4.Nf3 Nf6 5.Bg5 Bg4 6.e3 e6 7.Bxc4 Be7 8.h3 Bh5
9.Rc1 O-O 10.Be2 Nd5 11.Bxe7 Qxe7 12.O-O Rfd8 13.Ne5 Nxc3 14.Rxc3 Nxe5 15.Bxh5 c6
16.Qb3 Ng6 17.Bxg6 hxg6 18.Rc5 Rd7 19.Rfc1 Rad8 20.Qc3 Rd5 21.b4 a6 22.a4 R8d7
23.Qb2 Qg5 24.b5 axb5 25.axb5 cxb5 26.Qxb5 Rxc5 27.Rxc5 Qe7 28.Qa5 Qd8 29.Qc3 Qb6
30.Qc2 Rd6 31.Rc8+ Rd8 32.Rc5 Ra8 33.g3 Qb4 34.Rc8+ Rxc8 35.Qxc8+ Kh7 36.Qd7 Qb1+
37.Kg2 Qe4+ 38.Kg1 Qb1+ 39.Kg2 Qe4+ 40.Kg1 f5 41.h4 Qd5 42.Qf7 Qc6 43.h5 gxh5
44.Qxh5+ Kg8 45.g4 fxg4 46.Qxg4 b5 47.e4 b4  1/2-1/2

[Event "AUT-chT2W 9697"]
[Site "Austria"]
[Date "1996.??.??"]
[Round "3"]
[White "Netolitzky, Gregor"]
[Black "Heilinger, Dietmar"]
[Result "1/2-1/2"]
[WhiteElo "2235"]
[BlackElo "2150"]

1.d4 d5 2.c4 Nc6 3.cxd5 Qxd5 4.e3 e5 5.Nc3 Bb4 6.Bd2 Bxc3 7.bxc3 exd4 8.cxd4 Nf6
9.Ne2 O-O 10.Nf4 Qd6 11.Bd3 Nb4 12.Bb1 c5 13.dxc5 Qxc5 14.O-O Nbd5 15.Nxd5 Qxd5
16.Bc3 Qg5 17.Qf3 Qg4 18.Bxf6 Qxf3 19.gxf3 gxf6 20.Be4 f5 21.Bd5 Rb8 22.f4 Be6
23.Bf3 Rfc8 24.a3 Rc7 25.Rfc1 Rxc1+ 26.Rxc1 Rc8 27.Rxc8+ Bxc8 28.Kf1 b6 29.Ke2 Kf8
30.Kd3 Ke7 31.Kc4 Ba6+ 32.Kd4 Kd6 33.Bd5 f6 34.h4 h6 35.Bg2 Be2 36.f3 Bd1
37.e4 fxe4 38.fxe4 Ba4 39.Kc3 Bd1 40.Kb4 Bc2 41.Kc4 Bb1 42.Kd4 Ba2 43.Bf1 Bb3
44.Be2  1/2-1/2

[Event "AUT-chT9697"]
[Site "Austria"]
[Date "1996.??.??"]
[Round "4"]
[White "Detter, Peter"]
[Black "Grabher, Heinz"]
[Result "1/2-1/2"]
[WhiteElo "2260"]
[BlackElo "2275"]

1.d4 d5 2.c4 Nc6 3.cxd5 Qxd5 4.e3 e5 5.Nc3 Bb4 6.Bd2 Bxc3 7.Bxc3 exd4 8.Ne2 Nf6
9.Nxd4 Nxd4 10.Qxd4 Be6 11.Qxd5 Bxd5 12.f3 O-O 13.Kf2 c5 14.Be2 Bc6 15.Bxf6 gxf6
16.Rhd1 Rfd8 17.Rxd8+ Rxd8 18.Rd1 Rxd1 19.Bxd1 b5 20.Bc2 h6 21.e4 Kf8 22.Ke3 Ke7
23.g3 Bd7 24.h4 Be6 25.a3 a5 26.g4 Kd6 27.Bd1 Bc4 28.f4 b4 29.axb4 axb4 30.h5 Ke7
31.Be2 Bb3 32.Bf3 Ba2 33.Kd3 Bb3 34.Kd2 Kd6 35.g5 fxg5 36.fxg5 Ke7 37.gxh6 Kf8
38.e5 Be6 39.Be4 Ba2 40.Kc2 Be6 41.Kd3 Ba2 42.Ke3 Kg8 43.Kf4 Bb3 44.Kg5 Ba2
45.Kf6 Be6 46.Bg6 c4 47.h7+ Kh8 48.Bxf7 c3 49.bxc3 bxc3 50.Bg6 Bb3 51.e6 Bxe6
52.Kxe6 Kg7 53.Bc2 Kh8 54.h6  1/2-1/2

[Event "AUT-ch"]
[Site "AUT"]
[Date "1996.??.??"]
[Round "6"]
[White "Wohlmann, Erich"]
[Black "Stuhlik, Marko"]
[Result "1/2-1/2"]
[WhiteElo "2210"]
[BlackElo "2215"]

1.d4 d5 2.c4 Nc6 3.Nf3 Bg4 4.Nc3 e6 5.cxd5 exd5 6.Bf4 Bxf3 7.gxf3 Bd6 8.Bxd6 Qxd6
9.e3 Nge7 10.f4 O-O 11.Bg2 Nd8 12.O-O c6 13.Qc2 Ne6 14.Rab1 a5 15.Rfd1 h6
16.Rbc1 g5 17.f5 Nc7 18.Ne2 Qf6 19.Ng3 h5 20.Nxh5 Qxf5 21.Qxf5 Nxf5 22.e4 dxe4
23.Nf6+ Kg7 24.Nxe4 Ne6 25.d5 cxd5 26.Rxd5 Nfd4 27.Kf1 Rac8 28.Rd1 Rc2 29.Nxg5 Rxb2
30.Nxe6+ fxe6 31.Rg5+ Kh6 32.h4 Rfxf2+ 33.Kg1 e5 34.Bxb7 Rh2 35.Rg2 Rbxg2+
36.Bxg2 Rxh4 37.Re1 Rg4 38.Kf2 Rg5 39.Be4 Ne6 40.Rh1+ Kg7 41.Rh7+ Kf6 42.Ra7 Rg4
43.Bd5 Rf4+ 44.Ke3 Ng5 45.Rxa5 Rh4 46.Ra8 Rh3+ 47.Ke2 e4 48.Re8 Kf5 49.Bb3 Kf4
50.Rf8+ Ke5 51.Re8+ Kf4 52.Rf8+ Ke5  1/2-1/2

[Event "Balatonalm di op"]
[Site "Balaton"]
[Date "1996.??.??"]
[Round "7"]
[White "Kovacs, Elod"]
[Black "Tennstedt, Andreas"]
[Result "1-0"]
[WhiteElo "2320"]
[BlackElo "2280"]

1.d4 d5 2.c4 Nc6 3.Nc3 dxc4 4.d5 Ne5 5.Bf4 Ng6 6.Bg3 e5 7.e4 Bd6 8.Bxc4 a6
9.Nge2 Nf6 10.O-O h5 11.f3 h4 12.Bf2 Qe7 13.Qa4+ Kf8 14.a3 Rb8 15.Qc2 Nh5
16.b4 Qg5 17.Be1 Bh3 18.Rf2 Bd7 19.Bd2 Ngf4 20.Kf1 Ke7 21.Nxf4 Nxf4 22.Ne2 Kd8
23.Bd3 Qe7 24.Nxf4 exf4 25.h3 Be5 26.Bc3 Qf6 27.Rc1 Rc8 28.Bxe5 Qxe5 29.Qc5 Rh6
30.Qf8+ Be8 31.Rfc2 Qd4 32.Be2 Rg6 33.Qh8 Rh6 34.Qf8 Rg6 35.Rd1 Qe5 36.b5 Qe7
37.Qxe7+ Kxe7 38.bxa6 bxa6 39.Rdc1 Kd8 40.e5 Bd7 41.Rc4 Bb5 42.Rxf4 Bxe2+
43.Kxe2 Rg5 44.Rxf7 Rxe5+ 45.Kd3 Rxd5+ 46.Ke4 Rd2 47.Rxg7 Re2+ 48.Kf5 c5
49.Rd1+  1-0

[Event "Barbera op"]
[Site "Barbera"]
[Date "1996.??.??"]
[Round "6"]
[White "Gomez Esteban, Juan Mario"]
[Black "Arencibia, Walter"]
[Result "1/2-1/2"]
[WhiteElo "2495"]
[BlackElo "2555"]

1.d4 d5 2.c4 Nc6 3.Nc3 dxc4 4.Nf3 Nf6 5.e4 Bg4 6.Be3 e6 7.Qa4 Bxf3 8.gxf3 Bb4
9.a3 Bxc3+ 10.bxc3 O-O 11.Rb1 Rb8 12.Rg1 a6 13.Qxc4 e5 14.Be2 Re8 15.a4 Qd7
16.Rg5 Re7 17.Qc5 b6 18.Qa3 Ra8 19.Rd1 Qe8 20.Kf1 Rd7 21.Qc1 Rd6 22.d5 Na5
23.Qa3 Nd7 24.Kg1 Nb7 25.Kh1 Ndc5 26.a5 Rg6 27.Rxg6 hxg6 28.Rb1 Qd8 29.Qb4 bxa5
30.Qa3 Qf8 31.Bd1 f5 32.Be2 f4 33.Bd2 Qd6 34.c4 Kf7 35.Bc3 Rh8 36.Qa1 Rh5
37.Rg1 Qf6 38.Rg4 Nb3 39.Qb2 N7c5 40.Bf1 a4 41.Be2 Kg8 42.Kg2 Kh7 43.h3 Qb6
44.Qa3 a5 45.h4 Qd6 46.Bb2 Nd4 47.Bd1 Qb6 48.Bc3 Nd3 49.Qa2 Nb3 50.Qc2  1/2-1/2

[Event "Barcelona"]
[Site "Barcelona"]
[Date "1996.??.??"]
[Round "10"]
[White "Granados Gomez, Manuel"]
[Black "Narciso Dublan, Marc"]
[Result "0-1"]
[WhiteElo "2350"]
[BlackElo "2440"]

1.d4 d5 2.c4 Nc6 3.Nc3 dxc4 4.d5 Ne5 5.Qd4 Ng6 6.Nf3 a6 7.a4 Nf6 8.e4 e5
9.Qxc4 Bd6 10.h4 h6 11.h5 Ne7 12.Ne2 c6 13.Ng3 cxd5 14.exd5 Nexd5 15.Bd2 Be6
16.Qh4 Nf4 17.Nxe5 Bxe5 18.Bxf4 Bxb2 19.Rd1 Bc3+ 20.Bd2 Qa5 21.Bc4 Bxd2+
22.Rxd2 Rd8 23.Nf1 Bxc4 24.Qxc4 O-O 25.Rh4 b5 26.Qb4 Rfe8+ 27.Ne3 Qxb4 28.Rxb4 Rxd2
29.Kxd2 Ne4+ 30.Ke1 Nc5  0-1

[Event "Oberliga Bayern9596"]
[Site "Bayern"]
[Date "1996.??.??"]
[Round "?"]
[White "Unzicker, Ferdinand"]
[Black "Boehm, Uwe"]
[Result "1-0"]
[WhiteElo "2305"]
[BlackElo "2265"]

1.d4 d5 2.c4 Nc6 3.Nc3 Nf6 4.Nf3 dxc4 5.e4 Bg4 6.Be3 e6 7.Bxc4 Bb4 8.Qc2 O-O
9.Rd1 Qe7 10.Be2 e5 11.d5 Nd4 12.Bxd4 exd4 13.Rxd4 Rfe8 14.O-O Bxc3 15.bxc3 Nxe4
16.h3 Bxf3 17.Bxf3 Nc5 18.Qf5 Qd6 19.g3 Re5 20.Qc2 Rae8 21.Rdd1 b6 22.Kg2 a5
23.Rd2 g6 24.Rd4 R8e7 25.Rfd1 Nb7 26.h4 h6 27.h5 g5 28.Bg4 Nc5 29.c4 Re8
30.R1d2 Ne4 31.f4 R5e7 32.Be6 fxe6 33.Rxe4 exd5 34.Rxe7 Rxe7 35.Rxd5 Qf6
36.fxg5 hxg5 37.Rf5 Qc6+ 38.Kh3 Qh1+ 39.Kg4 Qe4+ 40.Qxe4 Rxe4+ 41.Kxg5 Rxc4
42.g4 a4 43.h6 Rd4 44.Kh5 Rd6 45.g5 Rd2 46.Kg6 Rd6+ 47.Rf6 Rd7 48.Re6 Rd8
49.h7+  1-0

[Event "Regionalliga SO9596"]
[Site "Bayern"]
[Date "1996.??.??"]
[Round "?"]
[White "Brestan, Peter"]
[Black "Knechtel, Roland"]
[Result "1-0"]
[WhiteElo "2045"]
[BlackElo "2090"]

1.d4 d5 2.c4 Nc6 3.Nf3 Bg4 4.cxd5 Bxf3 5.gxf3 Qxd5 6.e3 e5 7.Nc3 Bb4 8.Bd2 Bxc3
9.bxc3 Qd6 10.Rb1 b6 11.f4 e4 12.c4 Nf6 13.Rg1 O-O 14.d5 Ne7 15.Bc3 Ne8 16.Qd4 f6
17.Qxe4 c6 18.Bd3 g6 19.Bb4 c5 20.Bc3 Rb8 21.f5 Qxh2 22.Rh1 Qd6 23.fxg6 hxg6
24.Qh4 Kf7 25.Qh7+ Ng7 26.Rh6 Rg8 27.Bxg6+ Kf8 28.Ke2 b5 29.Rg1 bxc4 30.Be4 Ne8
31.Rxg8+ Nxg8 32.Rg6 Ne7 33.Qh6+ Kf7 34.Qh7+ Kf8 35.Rg3 Rb6 36.Qh8+ Kf7 37.Bg6+ Nxg6
38.Qh7+ Ng7 39.Qxg6+ Ke7 40.Qxg7+ Kd8 41.Qh8+  1-0

[Event "Benasque op"]
[Site "Benasque"]
[Date "1996.??.??"]
[Round "6"]
[White "Izeta Txabarri, Felix"]
[Black "Eslon, Jaan"]
[Result "0-1"]
[WhiteElo "2525"]
[BlackElo "2375"]

1.d4 d5 2.c4 Nc6 3.cxd5 Qxd5 4.e3 e5 5.Nc3 Bb4 6.Bd2 Bxc3 7.bxc3 Qd6 8.Bd3 Nge7
9.Ne2 O-O 10.O-O b6 11.f3 Be6 12.Be1 Rad8 13.Bf2 Na5 14.Qc2 Ng6 15.c4 exd4
16.exd4 Nc6 17.a3 Bc8 18.Be4 f5 19.Bd5+ Kh8 20.Nc3 Nce7 21.c5 Qf6 22.Ba2 c6
23.Rfe1 Nf4 24.Rad1 bxc5 25.dxc5 Rxd1 26.Qxd1 Neg6 27.Ne2 Rd8 28.Qc2 Nd3
29.Rd1 Nxf2 30.Kxf2 Re8 31.Ng3 Qe5 32.Qc1 Nf4 33.Kf1 Ba6+ 34.Bc4 Bxc4+ 35.Qxc4 Nd5
36.Kg1 Ne3 37.f4 Qb2  0-1

[Event "Berliner Sommer"]
[Site "Berlin"]
[Date "1996.??.??"]
[Round "8"]
[White "Tyrtania, Maximilian"]
[Black "Breutigam, Martin"]
[Result "0-1"]
[WhiteElo "2225"]
[BlackElo "2380"]

1.d4 d5 2.c4 Nc6 3.Nf3 Bg4 4.cxd5 Bxf3 5.dxc6 Bxc6 6.Nc3 e6 7.e4 Bb4 8.f3 Qh4+
9.g3 Qf6 10.Be3 O-O-O 11.Qe2 Qg6 12.Bg2 f5 13.e5 Ne7 14.O-O Kb8 15.a3 Bxc3
16.bxc3 h5 17.Qd2 Nd5 18.Bg5 Rd7 19.f4 Bb5 20.Rfb1 Bc4 21.a4 c6 22.a5 a6
23.Bf3 h4 24.gxh4 Rxh4 25.Kh1 Rh3 26.Qg2 Qh7 27.Rc1 Ne3  0-1

[Event "Budapest FS10 IM"]
[Site "Budapest"]
[Date "1996.??.??"]
[Round "1"]
[White "Farago, Sandor"]
[Black "Bigaliev, Renat"]
[Result "0-1"]
[WhiteElo "2285"]
[BlackElo "2430"]

1.d4 d5 2.c4 Nc6 3.e3 e5 4.cxd5 Qxd5 5.Nc3 Bb4 6.Bd2 Bxc3 7.bxc3 Nf6 8.c4 Qd6
9.d5 Ne7 10.Qb1 a5 11.e4 O-O 12.Nf3 c6 13.Bc3 Ng6 14.Bd3 b5 15.Nd2 Nf4 16.Bf1 cxd5
17.cxd5 Ng4 18.Qc2 Nxf2 19.Kxf2 Qc5+ 20.Kf3 Bg4+ 21.Kxg4 Qf2 22.g3 h5+ 23.Kh4 f6  0-1

[Event "Budapest FS11 IM"]
[Site "Budapest"]
[Date "1996.??.??"]
[Round "1"]
[White "Dudas, Jan"]
[Black "Veltkamp, Gerben"]
[Result "1-0"]
[WhiteElo "2395"]
[BlackElo "2205"]

1.d4 d5 2.c4 Nc6 3.cxd5 Qxd5 4.Nf3 e5 5.Nc3 Bb4 6.Bd2 Bxc3 7.Bxc3 e4 8.Ne5 e3
9.f3 Nge7 10.Qd3 Be6 11.Nxc6 Nxc6 12.Qxe3 O-O-O 13.Qd2 Nxd4 14.e3 Nc6 15.Qxd5 Bxd5
16.Bxg7 Rhe8 17.Kf2 Nb4 18.e4 Be6 19.a3 Nc2 20.Rc1 Rd2+ 21.Kg1 Nd4 22.Bxd4 Rxd4
23.h4 Rd2 24.b4 Red8 25.Kh2 Ra2 26.Rc3 Rg8 27.Rg1 Rd8 28.Bd3 Rd2 29.Bc2 Rg8
30.e5 a6 31.Be4 c6 32.Rc2 Rd4 33.Re1 Kc7 34.Ree2 Rgd8 35.Kg3 h6 36.Kf4 R8d7
37.Ke3 Kb6 38.g4 a5 39.Red2 Rxd2 40.Rxd2 axb4 41.Rxd7 Bxd7 42.axb4 Kb5 43.h5  1-0

[Event "Budapest FS08 IM"]
[Site "Budapest"]
[Date "1996.??.??"]
[Round "3"]
[White "Kahn, Evarth"]
[Black "Antal, Gergely"]
[Result "1-0"]
[WhiteElo "2380"]
[BlackElo "2195"]

1.d4 d5 2.c4 Nc6 3.e3 e5 4.dxe5 d4 5.a3 Bf5 6.Nf3 Bg4 7.e6 fxe6 8.Be2 e5
9.Nxd4 Bxe2 10.Nxe2 Qxd1+ 11.Kxd1 Nf6 12.Bd2 Ne4 13.Rf1 O-O-O 14.Kc2 Be7
15.Ng3 Nc5 16.Nc3 Bf6 17.Rad1 Rhe8 18.b4 Ne6 19.Nd5 Ne7 20.Nxe7+ Rxe7 21.Bc3 Rf8
22.Ne4 Ng5 23.Nxg5 Bxg5 24.e4 Bf4 25.Bd2 Ref7 26.Bxf4 Rxf4 27.f3 c6 28.Kd3 Rh4
29.h3 Rh6 30.Ke3 Rg6 31.Rd2 Rd8 32.Rfd1 Rxd2 33.Rxd2 Kc7 34.c5 Rf6 35.Kf2 b6
36.g4 g5 37.Kg3 Rh6 38.Rd3 Kc8 39.h4 gxh4+ 40.Kh3 Kc7 41.g5 Rg6 42.Kxh4 h6
43.gxh6 Rxh6+ 44.Kg5 Rh3 45.Kf6 Rh5 46.Ke6 Kc8 47.Rd6 Rh3 48.Rd3 Rh5 49.a4 bxc5
50.bxc5 a5 51.Kd6 Kb7 52.Rb3+ Ka6 53.Kxc6 Rh6+ 54.Kd5 Rh5 55.c6 Rh7 56.Kxe5 Rh5+
57.Kd6 Rh6+ 58.Kd5  1-0

[Event "Budapest FS11 IM"]
[Site "Budapest"]
[Date "1996.??.??"]
[Round "3"]
[White "Martic, Zlatko"]
[Black "Veltkamp, Gerben"]
[Result "1-0"]
[WhiteElo "2275"]
[BlackElo "2205"]

1.d4 d5 2.c4 Nc6 3.Nf3 Bg4 4.cxd5 Bxf3 5.gxf3 Qxd5 6.e3 e5 7.Nc3 Bb4 8.Bd2 Bxc3
9.bxc3 exd4 10.cxd4 Nge7 11.Rg1 g6 12.Bc3 O-O-O 13.Qb3 Qxb3 14.axb3 Rhe8
15.O-O-O Nd5 16.Bd2 f5 17.Bb5 Rd6 18.Rge1 a6 19.Bf1 Nf6 20.Bc3 b5 21.Kb2 Kb7
22.Bd3 Nd5 23.Bd2 Rdd8 24.h4 Nf6 25.Bc1 Nb4 26.Bb1 Rd7 27.e4 fxe4 28.Bg5 Nfd5
29.fxe4 Nb6 30.f4 a5 31.h5 a4 32.hxg6 hxg6 33.e5 Re6 34.f5 Rc6 35.e6 Rh7
36.e7 Rh3 37.Be3 Rh2+ 38.Rd2 Rh8 39.Be4 N6d5 40.fxg6 Re6 41.Bg5 c6 42.g7 Rg8
43.Bxd5  1-0

[Event "Budapest FS03 GM"]
[Site "Budapest"]
[Date "1996.??.??"]
[Round "4"]
[White "Lukacs, Peter"]
[Black "Fogarasi, Tibor"]
[Result "1/2-1/2"]
[WhiteElo "2440"]
[BlackElo "2500"]

1.d4 d5 2.c4 Nc6 3.Nc3 dxc4 4.Nf3 Nf6 5.e3 g6 6.Bxc4 Bg7 7.O-O O-O 8.h3 Bf5
9.Re1 Ne4 10.Bd3 Nxc3 11.bxc3 Bxd3 12.Qxd3 e5 13.Qb5 Qd6 14.Qa4 Rfe8 15.Rb1 b6
16.Ba3 Qd7 17.Red1 e4 18.Nd2 f5 19.Re1 Kh8 20.Qc2  1/2-1/2

[Event "Spring op"]
[Site "Budapest"]
[Date "1996.??.??"]
[Round "5"]
[White "Berebora, Ferenc"]
[Black "Bigaliev, Renat"]
[Result "0-1"]
[WhiteElo "2395"]
[BlackElo "2390"]

1.d4 d5 2.c4 Nc6 3.cxd5 Qxd5 4.e3 e5 5.Nc3 Bb4 6.Bd2 Bxc3 7.bxc3 Nf6 8.Qb3 Qd6
9.Bb5 O-O 10.Nf3 Bg4 11.Qa4 e4 12.Bxc6 Bxf3 13.gxf3 bxc6 14.f4 Ng4 15.Qa5 Rfb8
16.c4 Qe6 17.h3 Nh6 18.Rg1 Nf5 19.d5 Qd6 20.Bc3 Nh4 21.Ke2 Nf3 22.Rgd1 c5
23.Rdb1 Rb6 24.Rxb6 cxb6 25.Qb5 Rc8 26.a4 h6 27.Rd1 f6 28.Qa6 Qd7 29.Rh1 Rd8
30.Qb5 Qe7 31.Qc6 Nh4 32.Rb1 Qf7 33.Qe6 Qxe6 34.dxe6 Kf8 35.a5 Rd6 36.axb6 axb6
37.Ra1 Rxe6 38.Ra7 Nf5 39.Rb7 Rc6 40.Ra7 Nd6 41.Ra4 Rc7 42.Bb2 Kf7 43.Kd2 Ke6
44.Kc3 b5 45.cxb5 Nxb5+ 46.Kc2 Kd5 47.Ra8 Nd6 48.Bc3 Rd7 49.Ra1 Nf5 50.Rd1+ Ke6
51.Ra1 Ne7 52.Ra4 Kd5 53.Ra1 Nc6 54.Rd1+ Ke6 55.f5+ Ke7 56.Rg1 Kd6 57.Rd1+ Kc7
58.Rg1 Na7 59.Rg4 Re7 60.Kb3 Nb5 61.Rf4 Kc6  0-1

[Event "Budapest FS10 IM"]
[Site "Budapest"]
[Date "1996.??.??"]
[Round "7"]
[White "Romm, Meir"]
[Black "Bigaliev, Renat"]
[Result "1/2-1/2"]
[WhiteElo "2295"]
[BlackElo "2430"]

1.d4 d5 2.c4 Nc6 3.Bf4 Bf5 4.Nc3 e6 5.Nf3 Bb4 6.e3 Nf6 7.a3 Bxc3+ 8.bxc3 O-O
9.Bd3 Bxd3 10.Qxd3 Na5 11.cxd5 exd5 12.Bg5 Nc4 13.Ne5 Nd6 14.Bxf6 gxf6 15.Nf3 Kh8
16.g3 Qd7 17.Ng1 Ne4 18.Ne2 Ng5 19.Nf4 Rae8 20.O-O Rg8 21.Kg2 Re4 22.f3 Re7
23.Rfe1 Ne6 24.Nh5 Ng5 25.Nf4 Ne6 26.Nh5  1/2-1/2

[Event "Budapest FS09 IM"]
[Site "Budapest"]
[Date "1996.??.??"]
[Round "8"]
[White "Seres, Lajos"]
[Black "Bigaliev, Renat"]
[Result "1/2-1/2"]
[WhiteElo "2450"]
[BlackElo "2430"]

1.d4 d5 2.c4 Nc6 3.cxd5 Qxd5 4.e3 e5 5.Nc3 Bb4 6.Bd2 Bxc3 7.bxc3 Nf6 8.c4 Qd6
9.d5 Ne7 10.Qb1 a5 11.e4 O-O 12.Bd3 c6 13.Be3 cxd5 14.cxd5 Ng4 15.Qb6 Qa3
16.Qb3 Qxb3 17.axb3 Nxe3 18.fxe3 Bg4 19.h3 Bh5 20.g4 Bg6 21.Ke2 Nc8 22.Nf3 f6
23.Ra4 Nd6 24.Rha1 b6 25.Nd2 h5 26.Kf3 hxg4+  1/2-1/2

[Event "HUN-ch"]
[Site "Budapest"]
[Date "1996.??.??"]
[Round "8"]
[White "Horvath, Jozsef"]
[Black "Fogarasi, Tibor"]
[Result "1/2-1/2"]
[WhiteElo "2515"]
[BlackElo "2505"]

1.d4 d5 2.c4 Nc6 3.cxd5 Qxd5 4.e3 e5 5.Nc3 Bb4 6.Bd2 Bxc3 7.bxc3 Nf6 8.f3 O-O
9.c4 Qd6 10.d5 Ne7 11.e4 Nd7 12.Ne2 Nc5 13.Nc3  1/2-1/2

[Event "Budapest FS06 IM"]
[Site "Budapest"]
[Date "1996.??.??"]
[Round "10"]
[White "Schlusnik, Nandor"]
[Black "Bigaliev, Renat"]
[Result "0-1"]
[WhiteElo "2225"]
[BlackElo "2390"]

1.d4 d5 2.c4 Nc6 3.cxd5 Qxd5 4.e3 e5 5.Nc3 Bb4 6.Bd2 Bxc3 7.bxc3 Nf6 8.f3 e4
9.c4 Qd8 10.f4 O-O 11.Ne2 Ne7 12.Ng3 Bg4 13.Qc2 c5 14.d5 Nf5 15.Nxf5 Bxf5
16.Rb1 Ne8 17.Rxb7 Nd6 18.Rb1 Qh4+ 19.g3 Qh5 20.Be2 Bg4 21.Qd1 Bf3 22.Kf2 Nxc4
23.Rc1 Nb2  0-1

[Event "Budapest FS11 IM"]
[Site "Budapest"]
[Date "1996.??.??"]
[Round "10"]
[White "Ovetchkin, Roman"]
[Black "Veltkamp, Gerben"]
[Result "0-1"]
[WhiteElo "2375"]
[BlackElo "2205"]

1.d4 d5 2.c4 Nc6 3.cxd5 Qxd5 4.Nf3 e5 5.Nc3 Bb4 6.Bd2 Bxc3 7.Bxc3 e4 8.Nd2 Nf6
9.e3 O-O 10.b4 Qd6 11.a3 Nd5 12.Bb2 Bf5 13.g3 Rad8 14.Bg2 Nf6 15.Qc2 Qd5
16.Qc4 Ne5 17.Qxd5 Nd3+ 18.Kf1 Nxd5 19.Rb1 Rfe8 20.h3 Rd6 21.Nb3 Rf6 22.Nc5 Bxh3
23.Nxd3 Nxe3+ 24.Kg1 Bxg2 25.Rh4 exd3 26.fxe3 Rxe3 27.Kxg2 Re2+ 28.Kh3 Rff2
29.Bc3 f5 30.Rh1 g5 31.Rh5 h6 32.Rxh6 Kg7 33.Re6 Rxe6 34.d5+ Rf6 35.g4 f4
36.Rd1 d2 37.Bxf6+ Kxf6 38.a4 Ke5 39.b5 Kd4 40.a5 Rf3+ 41.Kg2 Ke3 42.b6 Rg3+
43.Kf1 axb6 44.axb6 cxb6 45.d6 Rh3 46.d7 Rh1+ 47.Kg2 Rh8  0-1

[Event "Budapest FS10 IM"]
[Site "Budapest"]
[Date "1996.??.??"]
[Round "11"]
[White "De Santis, Alessio"]
[Black "Bigaliev, Renat"]
[Result "1/2-1/2"]
[WhiteElo "2320"]
[BlackElo "2430"]

1.d4 d5 2.c4 Nc6 3.cxd5 Qxd5 4.e3 e5 5.Nc3 Bb4 6.Bd2 Bxc3 7.bxc3 Nf6 8.f3 e4
9.Qb3 Qh5 10.h4 exf3 11.gxf3 O-O 12.O-O-O Na5 13.Qb5 Qxb5 14.Bxb5  1/2-1/2

[Event "ARG-ch qf"]
[Site "Buenos Aires"]
[Date "1996.??.??"]
[Round "4"]
[White "Quiroga, Facundo"]
[Black "Mendez, Ernesto"]
[Result "1/2-1/2"]
[WhiteElo "2305"]
[BlackElo "2395"]

1.d4 d5 2.c4 Nc6 3.Nc3 e5 4.cxd5 Nxd4 5.e3 Nf5 6.Bb5+ Bd7 7.Qa4 Nd6 8.Bxd7+ Qxd7
9.Qxd7+ Kxd7 10.e4 f5 11.f4 Nxe4 12.fxe5 Bb4 13.Ne2 Ne7 14.Be3 Rad8 15.O-O-O Kc8
16.Nxe4 fxe4 17.a3 Nxd5 18.Rxd5 Rxd5 19.axb4 Rxe5 20.Bd4 Re7 21.Rf1 Rd8 22.Kc2 b6
23.Rf4 Kb7 24.h4 Rd5 25.Rg4 e3 26.Bc3 c5 27.bxc5 Rxc5 28.Kd3 Rd5+ 29.Bd4 a5
30.Re4 Rxe4 31.Kxe4 Rh5 32.g3 g5 33.hxg5 Rxg5 34.Bxe3 Rg8 35.Bd4 h5 36.Kf5 Kc6
37.g4 h4 38.b3 a4 39.bxa4 Ra8 40.g5 Rxa4 41.Ke4 Ra5 42.Bf6 Kc5 43.Nd4 Kc4
44.Nc6  1/2-1/2

[Event "Cannes Martinez op"]
[Site "Cannes"]
[Date "1996.??.??"]
[Round "2"]
[White "Etchegaray, Malina"]
[Black "Kovarcik, Guillaume"]
[Result "1-0"]
[WhiteElo "2160"]
[BlackElo "2090"]

1.d4 d5 2.c4 Nc6 3.Nc3 dxc4 4.e3 Nf6 5.Bxc4 e6 6.Nf3 Be7 7.O-O O-O 8.e4 b6
9.a3 Bb7 10.e5 Nd5 11.Bd3 f5 12.exf6 Bxf6 13.Re1 Qd7 14.Ne4 h6 15.Nxf6+ Rxf6
16.Ne5 Nxe5 17.dxe5 Rff8 18.Qg4 g5 19.Be4 Qf7 20.f3 Kh8 21.h4 c5 22.hxg5 Rg8
23.Qh4  1-0

[Event "Cannes Martinez op"]
[Site "Cannes"]
[Date "1996.??.??"]
[Round "3"]
[White "De Lagontrie, Jean"]
[Black "Kovarcic, Gilles"]
[Result "1-0"]
[WhiteElo "2065"]
[BlackElo "2115"]

1.d4 d5 2.c4 Nc6 3.Nc3 dxc4 4.d5 Ne5 5.Bf4 Ng6 6.Bg3 e5 7.e4 a6 8.Bxc4 Nf6
9.Nge2 Bd6 10.O-O Nh5 11.a4 O-O 12.Bd3 Qg5 13.Qc1 Nhf4 14.Kh1 h5 15.Bxf4 exf4
16.Nd4 Bg4 17.f3 Bd7 18.Re1 Rae8 19.Qc2 Nh4 20.Re2 Qf6 21.Nb3 g5 22.Rf1 Ng6
23.Nd2 Ne5 24.Nc4 Nxc4 25.Bxc4 Kg7 26.Nd1 Rh8 27.Nf2 Qh6 28.Nd3 f6 29.e5 fxe5
30.Rfe1 Qf6 31.Nf2 Re7 32.Bd3 Kh6 33.Ne4 Qf7 34.Nc3 Rhe8 35.Qb3 Bc8 36.Qc2 Rf8
37.Be4 Qe8 38.Bd3 g4 39.Ne4 gxf3 40.gxf3 Rg8 41.Nf6 Qf8 42.Nxg8+ Qxg8 43.Rg2 Rg7
44.Reg1 Bg4 45.Be4 b6 46.h3 Bc5 47.hxg4 h4 48.Rd1 Kg5 49.Rh2 a5 50.Kg2 Rd7  1-0

[Event "Cannes Martinez op"]
[Site "Cannes"]
[Date "1996.??.??"]
[Round "5"]
[White "Laurain, Dominique"]
[Black "Kovarcik, Guillaume"]
[Result "1/2-1/2"]
[WhiteElo "2140"]
[BlackElo "2090"]

1.d4 d5 2.c4 Nc6 3.e3 e5 4.dxe5 d4 5.a3 Be6 6.Nf3 dxe3 7.Qxd8+ Rxd8 8.Bxe3 Nge7
9.Nbd2 Ng6 10.Ng5 Ncxe5 11.Nxe6 fxe6 12.O-O-O Be7 13.Be2 O-O 14.g3 Nd3+ 15.Bxd3 Rxd3
16.Ne4 Rdd8 17.Rxd8 Rxd8 18.Rd1 Rxd1+ 19.Kxd1 Ne5 20.c5 Nc4 21.Bd4 Kf7 22.Kc2 Na5
23.f4 Nc6 24.Bc3 b6 25.cxb6 cxb6 26.h4 e5 27.Ng5+ Bxg5 28.hxg5 Ke6 29.Kd3 Kf5
30.Ke3 exf4+ 31.gxf4 g6 32.a4 Ne7 33.Be5 Nc6 34.Bc3 Nd8 35.b4 Ne6 36.Be5 a6
37.Bb8 b5 38.axb5 axb5 39.Bd6 Nd8 40.Kd4 Ne6+ 41.Ke3 Nd8  1/2-1/2

[Event "Cannes mT"]
[Site "Cannes"]
[Date "1996.??.??"]
[Round "6"]
[White "Ivkov, Borislav"]
[Black "Fressinet, Laurent"]
[Result "1/2-1/2"]
[WhiteElo "2455"]
[BlackElo "2290"]

1.d4 d5 2.c4 Nc6 3.Nf3 Bg4 4.cxd5 Bxf3 5.gxf3 Qxd5 6.e3 e5 7.Nc3 Bb4 8.Bd2 Bxc3
9.bxc3 Qd6 10.Rb1 Rb8 11.Rg1 g6 12.Qa4 Ne7 13.dxe5  1/2-1/2